[Event "Deutsche Ländermeisterschaft 2012"]
[Site "Hannover GER"]
[Date "2012.10.03"]
[Round "7"]
[White "Sabirov, Ramil"]
[Black "Bilchinski, Anton"]
[Result "1/2-1/2"]
[Termination "normal"]
[Board "1.5"]
[WhiteTitle "14"]
[BlackTitle "14"]
[WhiteElo "1841"]
[BlackElo "1891"]
[WhiteTeam "Nordrhein-Westfalen"]
[BlackTeam "Bayern"]
[PlyCount "43"]
[WhiteFideId "12900303"]
[BlackFideId "24615765"]
[EventCountry "GER"]
[EventRounds "7"]
[EventType "team-swiss"]
[EventDate "2012.09.28"]

1. c4 g6 2. Nc3 Bg7 3. e4 c5 4. g3 Nc6 5. Bg2 e5 6. Nge2 Nge7 7. O-O O-O 8. d3
d6 9. Be3 Nd4 10. Rb1 Nec6 11. Nd5 Be6 12. Qd2 f5 13. Bxd4 cxd4 14. f3 Qd7 15.
b4 Rfc8 16. b5 Ne7 17. Qg5 Bxd5 18. exd5 Rc5 19. Nc1 a5 20. Nb3 Rc7 21. a4 b6
22. Qd2 1/2-1/2

[Event "Deutsche Ländermeisterschaft 2012"]
[Site "Hannover GER"]
[Date "2012.10.03"]
[Round "7"]
[White "Dürr, Florian"]
[Black "Flüchter, Gregor"]
[Result "0-1"]
[Termination "normal"]
[Board "1.6"]
[WhiteTitle "12"]
[BlackTitle "14"]
[WhiteElo "1920"]
[BlackElo "1951"]
[WhiteTeam "Bayern"]
[BlackTeam "Nordrhein-Westfalen"]
[PlyCount "64"]
[WhiteFideId "24659134"]
[BlackFideId "12903396"]
[EventCountry "GER"]
[EventRounds "7"]
[EventType "team-swiss"]
[EventDate "2012.09.28"]

1. e4 c5 2. Nf3 d6 3. d4 cxd4 4. Nxd4 Nf6 5. Nc3 a6 6. Bg5 e6 7. f4 Qb6 8. Qd3
Qxb2 9. Rb1 Qa3 10. f5 Nc6 11. fxe6 fxe6 12. Nxc6 bxc6 13. Be2 Be7 14. Bh5+ g6
15. Be2 O-O 16. O-O Qa5 17. Bh6 Rf7 18. g4 Qd8 19. Qd4 e5 20. Qf2 Be6 21. Qg3
Nd7 22. Rfd1 Nc5 23. Rb2 Bh4 24. Qh3 g5 25. Rf1 Rf6 26. Bxg5 Bxg5 27. Rbb1 Bf4
28. Qg2 Rg6 29. h3 Qh4 30. Rf3 h5 31. Rbf1 hxg4 32. Rxf4 exf4 0-1

[Event "Deutsche Ländermeisterschaft 2012"]
[Site "Hannover GER"]
[Date "2012.10.03"]
[Round "7"]
[White "Schrader, Elanor"]
[Black "Berger, Nadja"]
[Result "0-1"]
[Termination "normal"]
[Board "1.7"]
[WhiteTitle "18w"]
[BlackTitle "16w"]
[WhiteElo "1769"]
[BlackElo "1769"]
[WhiteTeam "Nordrhein-Westfalen"]
[BlackTeam "Bayern"]
[PlyCount "78"]
[WhiteFideId "12951919"]
[BlackFideId "24692212"]
[EventCountry "GER"]
[EventRounds "7"]
[EventType "team-swiss"]
[EventDate "2012.09.28"]

1. e4 c5 2. c3 d5 3. exd5 Qxd5 4. Nf3 Bg4 5. Qa4+ Bd7 6. Qc4 Bc6 7. Qxd5 Bxd5
8. Bb5+ Bc6 9. Bxc6+ Nxc6 10. O-O Rd8 11. Na3 Nf6 12. Nb5 a6 13. Na3 e6 14. Nc2
Rd3 15. Re1 Be7 16. Re3 Rd7 17. Ne5 Nxe5 18. Rxe5 O-O 19. d4 Rfd8 20. Bg5 cxd4
21. Nxd4 h6 22. Bh4 g5 23. Bg3 Nh5 24. Ree1 Nxg3 25. hxg3 Bc5 26. Nf3 Kg7 27.
b4 Ba7 28. a4 Rc7 29. Rec1 Rc4 30. Rc2 g4 31. Nd2 Rc7 32. c4 Rd4 33. b5 Rd3 34.
Rb1 Rcd7 35. Ne4 R3d4 36. b6 Bxb6 37. Rxb6 Rxe4 38. a5 Re1+ 39. Kh2 Rdd1 0-1

[Event "Deutsche Ländermeisterschaft 2012"]
[Site "Hannover GER"]
[Date "2012.10.03"]
[Round "7"]
[White "Schneider, Jana"]
[Black "Möller, Lisa-Marie"]
[Result "1-0"]
[Termination "normal"]
[Board "1.8"]
[WhiteTitle "12w"]
[BlackTitle "12w"]
[WhiteElo "1665"]
[BlackElo "1347"]
[WhiteTeam "Bayern"]
[BlackTeam "Nordrhein-Westfalen"]
[PlyCount "119"]
[WhiteFideId "12924997"]
[BlackFideId "12959367"]
[EventCountry "GER"]
[EventRounds "7"]
[EventType "team-swiss"]
[EventDate "2012.09.28"]

1. e4 c5 2. Nc3 a6 3. a4 e6 4. g3 b6 5. Bg2 Bb7 6. d3 Nf6 7. Nge2 Be7 8. O-O d5
9. e5 Nfd7 10. f4 h5 11. d4 cxd4 12. Nxd4 Bc5 13. Nce2 Nc6 14. Be3 O-O 15. Kh1
Rc8 16. c3 b5 17. axb5 axb5 18. Qd2 Qb6 19. Rfc1 Nxd4 20. Bxd4 Ra8 21. h3 Rxa1
22. Rxa1 Ra8 23. Qd1 Rxa1 24. Qxa1 Qa6 25. Qxa6 Bxa6 26. Bf1 Kf8 27. Kg2 Be7
28. b4 Ke8 29. Bf2 Kd8 30. Nd4 Kc7 31. Nxb5+ Kc6 32. Nd4+ Kb7 33. b5 Bxb5 34.
Bxb5 Nc5 35. Be8 f6 36. Bxh5 Kc7 37. Bg4 Kd7 38. h4 f5 39. Bh5 Bd8 40. g4 fxg4
41. Bxg4 Ba5 42. Be1 Bb6 43. Ne2 Ne4 44. Ng3 Nxg3 45. Kxg3 Ke7 46. Bh5 Kd7 47.
Kg4 Be3 48. f5 Ke7 49. Bg6 d4 50. cxd4 Bxd4 51. Bg3 Bc3 52. Bf4 Kd7 53. Bf7
exf5+ 54. Kxf5 Ke7 55. e6 Bb4 56. Bg5+ Kf8 57. Kg6 Bd6 58. e7+ Bxe7 59. Bxe7+
Kxe7 60. Kxg7 1-0

[Event "Deutsche Ländermeisterschaft 2012"]
[Site "Hannover GER"]
[Date "2012.10.03"]
[Round "7"]
[White "Schulz, Jens"]
[Black "Carow, Johannes"]
[Result "0-1"]
[Termination "normal"]
[Board "2.1"]
[WhiteTitle "20"]
[BlackTitle "16"]
[WhiteElo "2269"]
[BlackElo "2245"]
[WhiteTeam "Niedersachsen 1"]
[BlackTeam "Rheinland-Pfalz"]
[PlyCount "74"]
[WhiteFideId "24675687"]
[BlackFideId "24692050"]
[EventCountry "GER"]
[EventRounds "7"]
[EventType "team-swiss"]
[EventDate "2012.09.28"]

1. e4 c5 2. Nf3 e6 3. d4 cxd4 4. Nxd4 a6 5. Bd3 Bc5 6. Nb3 Be7 7. O-O Nc6 8.
Nc3 Nf6 9. f4 d6 10. Bd2 O-O 11. Qf3 Nb4 12. Rae1 Bd7 13. Qg3 Nxd3 14. cxd3 Bc6
15. f5 e5 16. Kh1 a5 17. Bh6 Ne8 18. Nd2 Bh4 19. Qg4 Kh8 20. g3 Be7 21. Be3 Nf6
22. Qe2 d5 23. Bf2 b5 24. g4 dxe4 25. dxe4 Nxg4 26. Qxg4 Qxd2 27. Be3 Qxb2 28.
Ne2 Qxa2 29. Ng3 f6 30. Nh5 Qf7 31. Rf3 a4 32. Rh3 a3 33. Qh4 Ra4 34. Bd2 a2
35. Nf4 Bxe4+ 36. Rxe4 a1=Q+ 37. Be1 g5 0-1

[Event "Deutsche Ländermeisterschaft 2012"]
[Site "Hannover GER"]
[Date "2012.10.03"]
[Round "7"]
[White "Yankelevich, Lev"]
[Black "Schreiner, Till"]
[Result "1/2-1/2"]
[Termination "normal"]
[Board "2.2"]
[WhiteTitle "16"]
[BlackTitle "18"]
[WhiteElo "2178"]
[BlackElo "2222"]
[WhiteTeam "Rheinland-Pfalz"]
[BlackTeam "Niedersachsen 1"]
[PlyCount "82"]
[WhiteFideId "24684074"]
[BlackFideId "24675555"]
[EventCountry "GER"]
[EventRounds "7"]
[EventType "team-swiss"]
[EventDate "2012.09.28"]

1. e4 c6 2. Nf3 d5 3. Nc3 Bg4 4. h3 Bxf3 5. Qxf3 e6 6. d4 dxe4 7. Nxe4 Qxd4 8.
c3 Qd5 9. Bf4 Nf6 10. Bd3 Nbd7 11. O-O Nc5 12. Nxf6+ gxf6 13. Qxd5 cxd5 14.
Bb5+ Nd7 15. Rfd1 a6 16. Bxd7+ Kxd7 17. c4 Bd6 18. Bxd6 Kxd6 19. cxd5 e5 20. a4
Rac8 21. Ra3 Rc5 22. Rf3 Ke7 23. d6+ Ke6 24. Rb3 b5 25. axb5 Rxb5 26. Rc3 Rd8
27. Rc6 Rxb2 28. Rxa6 Rb4 29. g3 Rd4 30. d7+ Ke7 31. Rxd4 exd4 32. Kf1 Rxd7 33.
Ke2 Rd6 34. Ra7+ Ke6 35. Kd3 h5 36. Ra4 Ke5 37. f4+ Kf5 38. Ra5+ Kg6 39. g4 h4
40. Rh5 Kg7 41. Rxh4 Rd5 1/2-1/2

[Event "Deutsche Ländermeisterschaft 2012"]
[Site "Hannover GER"]
[Date "2012.10.03"]
[Round "7"]
[White "Grigorian, Spartak"]
[Black "Stahnecker, Ludwig"]
[Result "0-1"]
[Termination "normal"]
[Board "2.3"]
[WhiteTitle "14"]
[BlackTitle "16"]
[WhiteElo "2127"]
[BlackElo "2110"]
[WhiteTeam "Niedersachsen 1"]
[BlackTeam "Rheinland-Pfalz"]
[PlyCount "152"]
[WhiteFideId "24661490"]
[BlackFideId "24692026"]
[EventCountry "GER"]
[EventRounds "7"]
[EventType "team-swiss"]
[EventDate "2012.09.28"]

1. d4 Nf6 2. c4 e6 3. Nc3 Bb4 4. f3 d5 5. a3 Bxc3+ 6. bxc3 O-O 7. e3 c6 8. Bd3
b6 9. Ne2 Ba6 10. cxd5 Bxd3 11. Qxd3 cxd5 12. e4 dxe4 13. fxe4 Nbd7 14. Ng3 Rc8
15. Bg5 Qc7 16. Rc1 Qc4 17. Qxc4 Rxc4 18. O-O h6 19. Bxf6 Nxf6 20. e5 Nd5 21.
Ne4 Ra4 22. Ra1 Ne3 23. Rf2 Nc4 24. Re2 Rc8 25. Kf2 Rxa3 26. Rxa3 Nxa3 27. Ra2
Nb5 28. Nd6 Nxd6 29. exd6 Rd8 30. Rxa7 Rxd6 31. Ke3 b5 32. Rb7 Rd5 33. g4 g5
34. Ke4 Kg7 35. h3 Kg6 36. Rb6 h5 37. Rb8 hxg4 38. hxg4 f5+ 39. gxf5+ Rxf5 40.
Re8 Kf7 41. Rb8 g4 42. d5 Rxd5 43. Kf4 Rf5+ 44. Kxg4 Ke7 45. Rb6 Kd7 46. Kg3
Rc5 47. Kf4 e5+ 48. Ke4 Kc7 49. Rf6 Rc6 50. Rf3 Kd6 51. Rf6+ Kc5 52. Rf3 Re6
53. Rh3 Kc4 54. Rd3 Re8 55. Rd5 Rb8 56. Rd3 Rc8 57. Rd1 Rc5 58. Rc1 Kb3 59. Kd3
e4+ 60. Kd2 Rd5+ 61. Ke3 Rd3+ 62. Kxe4 Rxc3 63. Rb1+ Kc4 64. Rh1 b4 65. Rh8 Kb3
66. Rb8 Rc7 67. Kd4 Ka3 68. Kd3 b3 69. Ra8+ Kb2 70. Rb8 Ka2 71. Ra8+ Kb1 72.
Rb8 b2 73. Kd2 Rd7+ 74. Ke3 Ra7 75. Kd2 Ka2 76. Kc2 b1=Q+ 0-1

[Event "Deutsche Ländermeisterschaft 2012"]
[Site "Hannover GER"]
[Date "2012.10.03"]
[Round "7"]
[White "Perske, Thore"]
[Black "Tennert, Simon"]
[Result "1-0"]
[Termination "normal"]
[Board "2.4"]
[WhiteTitle "14"]
[BlackTitle "16"]
[WhiteElo "2056"]
[BlackElo "2153"]
[WhiteTeam "Rheinland-Pfalz"]
[BlackTeam "Niedersachsen 1"]
[PlyCount "119"]
[WhiteFideId "12902195"]
[BlackFideId "1270445"]
[EventCountry "GER"]
[EventRounds "7"]
[EventType "team-swiss"]
[EventDate "2012.09.28"]

1. e4 c5 2. Nf3 Nc6 3. d4 cxd4 4. Nxd4 g6 5. Nc3 Bg7 6. Be3 Nf6 7. Bc4 O-O 8.
Bb3 a5 9. O-O a4 10. Nxa4 Nxe4 11. Nb5 d5 12. c3 Ra6 13. f3 Nd6 14. Nxd6 exd6
15. Qxd5 Be6 16. Qb5 Qe7 17. Rfe1 Ra5 18. Qe2 Rh5 19. Nb6 Ne5 20. Bf2 Bh6 21.
Bg3 Qd8 22. Bxe6 Qxb6+ 23. Bf2 Qc6 24. Bg4 Nxg4 25. fxg4 Re5 26. Qf3 Qb5 27.
Bd4 Re6 28. b3 Rfe8 29. Rxe6 Rxe6 30. Rf1 Qd7 31. c4 Qe7 32. Bf6 Qd7 33. g5 Bg7
34. Bxg7 Kxg7 35. h4 Qe7 36. Kh2 Kg8 37. Rf2 Re3 38. Qf6 Qf8 39. Qf4 Qe7 40.
Rd2 Re4 41. Qg3 h6 42. Rf2 hxg5 43. hxg5 Re5 44. Rf6 Kg7 45. Qf4 Re6 46. Rxe6
fxe6 47. Kg3 Qd7 48. Qf6+ Kh7 49. Qf8 Qg7 50. Qxd6 Qc3+ 51. Kh2 Qe1 52. Qf4 e5
53. Qf7+ Kh8 54. Qf8+ Kh7 55. Qh6+ Kg8 56. Qxg6+ Kf8 57. Qf6+ Ke8 58. g6 Qe4
59. Qf7+ Kd8 60. Qd5+ 1-0

[Event "Deutsche Ländermeisterschaft 2012"]
[Site "Hannover GER"]
[Date "2012.10.03"]
[Round "7"]
[White "Düssler, Stefanie"]
[Black "Carow, Annelen"]
[Result "1-0"]
[Termination "normal"]
[Board "2.5"]
[WhiteTitle "18w"]
[BlackTitle "20w"]
[WhiteElo "1973"]
[BlackElo "1968"]
[WhiteTeam "Niedersachsen 1"]
[BlackTeam "Rheinland-Pfalz"]
[PlyCount "97"]
[WhiteFideId "4634780"]
[BlackFideId "24692492"]
[EventCountry "GER"]
[EventRounds "7"]
[EventType "team-swiss"]
[EventDate "2012.09.28"]

1. e4 c5 2. Nf3 e6 3. d4 cxd4 4. Nxd4 a6 5. Bd3 Bc5 6. Nb3 Be7 7. Qg4 Bf6 8.
Qg3 Nc6 9. O-O Nge7 10. Na3 b5 11. c3 Ng6 12. Nc2 O-O 13. a4 bxa4 14. Rxa4 d6
15. Nbd4 Nce5 16. f4 Nxd3 17. Qxd3 Bb7 18. Ne3 e5 19. Ne2 exf4 20. Nxf4 Nxf4
21. Rxf4 Be5 22. Rf2 a5 23. Nd5 Bc6 24. Ra1 a4 25. Be3 Rb8 26. Bd4 Bxd5 27.
exd5 Qd7 28. Bxe5 dxe5 29. Qe4 f6 30. Rxa4 Rb5 31. Rd2 Rd8 32. d6 Rb6 33. Ra6
Qb5 34. Ra8 Rbb8 35. Rxb8 Rxb8 36. Qd5+ Qxd5 37. Rxd5 Kf7 38. c4 Ke6 39. Rd2 e4
40. c5 Kd7 41. Kf2 f5 42. b4 f4 43. Rd4 e3+ 44. Ke2 g5 45. b5 Rxb5 46. c6+ Kd8
47. c7+ Kd7 48. Rc4 Rb2+ 49. Kf3 1-0

[Event "Deutsche Ländermeisterschaft 2012"]
[Site "Hannover GER"]
[Date "2012.10.03"]
[Round "7"]
[White "Schwarz, Larissa"]
[Black "Diederichs, Luise"]
[Result "1-0"]
[Termination "normal"]
[Board "2.6"]
[WhiteTitle "14w"]
[BlackTitle "16w"]
[WhiteElo "1900"]
[BlackElo "1827"]
[WhiteTeam "Rheinland-Pfalz"]
[BlackTeam "Niedersachsen 1"]
[PlyCount "57"]
[WhiteFideId "24699004"]
[BlackFideId "24661597"]
[EventCountry "GER"]
[EventRounds "7"]
[EventType "team-swiss"]
[EventDate "2012.09.28"]

1. d4 f5 2. Nf3 Nf6 3. Bg5 e6 4. e3 Be7 5. Bd3 O-O 6. O-O b6 7. Nbd2 Bb7 8. c4
Nc6 9. Re1 h6 10. Bh4 d6 11. h3 Kh8 12. Bg3 Qe8 13. Bb1 Nh5 14. Bh2 Rc8 15. g4
Nf6 16. gxf5 Qh5 17. fxe6 Qxh3 18. d5 Nd8 19. Kh1 Ng4 20. Qc2 Nf6 21. Rg1 Nxe6
22. Rg3 Qh5 23. dxe6 Ne4 24. Nxe4 Rxf3 25. Rg1 Rcf8 26. Qd1 Bh4 27. Rxg7 Bf6
28. Rh7+ Kxh7 29. Nxf6+ 1-0

[Event "Deutsche Ländermeisterschaft 2012"]
[Site "Hannover GER"]
[Date "2012.10.03"]
[Round "7"]
[White "Sieber, Fiona"]
[Black "Muckle, Julius"]
[Result "1/2-1/2"]
[Termination "normal"]
[Board "2.7"]
[WhiteTitle "12w"]
[BlackTitle "12"]
[WhiteElo "1800"]
[BlackElo "1760"]
[WhiteTeam "Niedersachsen 1"]
[BlackTeam "Rheinland-Pfalz"]
[PlyCount "126"]
[WhiteFideId "12902373"]
[BlackFideId "12942430"]
[EventCountry "GER"]
[EventRounds "7"]
[EventType "team-swiss"]
[EventDate "2012.09.28"]

1. e4 e6 2. d4 d5 3. Nc3 Bb4 4. e5 c5 5. a3 Bxc3+ 6. bxc3 Ne7 7. Qg4 O-O 8. Bd3
f5 9. exf6 Rxf6 10. Bg5 Rf7 11. Qh5 g6 12. Qd1 Nbc6 13. Nf3 Qa5 14. Qd2 Nf5 15.
Ne5 Nxe5 16. dxe5 d4 17. cxd4 Qxd2+ 18. Bxd2 Nxd4 19. Rb1 b6 20. h4 Bb7 21. f3
c4 22. Bxc4 Nxc2+ 23. Kf2 Nxa3 24. Bxe6 Nxb1 25. Rxb1 Re8 26. Bxf7+ Kxf7 27. f4
Rd8 28. Be3 Rc8 29. Rb2 h5 30. Ra2 Ra8 31. Bd4 Ke6 32. Ke3 Kf5 33. g3 Ke6 34.
Ra1 b5 35. Rxa7 Rxa7 36. Bxa7 b4 37. Bd4 b3 38. Bb2 Bd5 39. Kd4 Bc6 40. Kc4
Bd5+ 41. Kc5 Bb7 42. Kb6 Bd5 43. Kc5 Bb7 44. Kb4 Bd5 45. Kc3 Kf5 46. Kd4 Be6
47. Ke3 Bd5 48. Bd4 Be6 49. Bc3 Bd5 50. Bd4 Be6 51. Bb2 Bd5 52. Bc3 Be6 53. Bd4
Bd5 54. Bb2 Be6 55. Ba1 Bd5 56. Kd4 Be6 57. Ke3 Bd5 58. Bb2 Be6 59. Ba3 Bd5 60.
Bc1 Be6 61. Bb2 Bd5 62. Kd4 Be6 63. Ke3 Bd5 1/2-1/2

[Event "Deutsche Ländermeisterschaft 2012"]
[Site "Hannover GER"]
[Date "2012.10.03"]
[Round "7"]
[White "Sanati, Charlotte"]
[Black "Rätzke von Stoyentin, Steffen"]
[Result "0-1"]
[Termination "normal"]
[Board "2.8"]
[WhiteTitle "12w"]
[BlackTitle "12"]
[WhiteElo "1607"]
[BlackElo "1755"]
[WhiteTeam "Rheinland-Pfalz"]
[BlackTeam "Niedersachsen 1"]
[PlyCount "124"]
[WhiteFideId "12907707"]
[BlackFideId "12907502"]
[EventCountry "GER"]
[EventRounds "7"]
[EventType "team-swiss"]
[EventDate "2012.09.28"]

1. e4 e5 2. Nf3 Nc6 3. Bb5 a6 4. Ba4 Nge7 5. d4 exd4 6. Nxd4 b5 7. Bb3 Nxd4 8.
Qxd4 d6 9. Qd3 Bb7 10. Be3 Ng6 11. Nd2 Be7 12. O-O O-O 13. a4 b4 14. Bd5 Ne5
15. Qe2 Bxd5 16. exd5 Bf6 17. Ne4 a5 18. Nxf6+ Qxf6 19. b3 Qe7 20. Rfe1 Qd7 21.
Bd4 Rfe8 22. Qh5 Ng6 23. Rad1 f5 24. Qf3 Qf7 25. Bb2 Ne5 26. Bxe5 dxe5 27. d6
e4 28. Qh3 c6 29. Rd4 Red8 30. Red1 Ra6 31. Qh4 Qf6 32. Qxf6 gxf6 33. Kf1 Rd7
34. Ke2 Kf7 35. Ke3 Ke6 36. f3 exf3 37. Kxf3 c5 38. Re1+ Kf7 39. Rd5 Rc6 40.
Re7+ Rxe7 41. dxe7 Kxe7 42. Rxf5 c4 43. Kg3 cxb3 44. cxb3 Rc3+ 45. Rf3 Ke6 46.
Kf4 Rc2 47. Re3+ Kd5 48. Rd3+ Kc5 49. Kf3 Rc3 50. Ke3 Rc2 51. Kf3 f5 52. h3 Rc3
53. Ke3 f4+ 54. Kd2 Rxd3+ 55. Kxd3 Kd5 56. h4 h5 57. Ke2 Ke4 58. Kd2 Kd4 59.
Kc2 Ke3 60. Kd1 Kf2 61. Kd2 Kxg2 62. Kd1 f3 0-1

[Event "Deutsche Ländermeisterschaft 2012"]
[Site "Hannover GER"]
[Date "2012.10.03"]
[Round "7"]
[White "Mertens, Fridolin"]
[Black "Geske, Julian"]
[Result "1/2-1/2"]
[Termination "normal"]
[Board "3.1"]
[WhiteTitle "18"]
[BlackTitle "20"]
[WhiteElo "2040"]
[BlackElo "2401"]
[WhiteTeam "Sachsen-Anhalt"]
[BlackTeam "Hessen 1"]
[PlyCount "97"]
[WhiteFideId "24671940"]
[BlackFideId "24605263"]
[EventCountry "GER"]
[EventRounds "7"]
[EventType "team-swiss"]
[EventDate "2012.09.28"]

1. e4 e5 2. Nf3 Nc6 3. Bb5 a6 4. Ba4 Nf6 5. d3 d6 6. c3 g6 7. O-O Bg7 8. Re1
O-O 9. Nbd2 b5 10. Bc2 Re8 11. d4 Bb7 12. d5 Ne7 13. a4 c6 14. dxc6 Bxc6 15.
axb5 axb5 16. Rxa8 Qxa8 17. Qe2 Qb8 18. c4 bxc4 19. Nxc4 Bb5 20. Bd3 Nxe4 21.
Ncxe5 Bxd3 22. Nxd3 d5 23. Ng5 Nc6 24. Qf3 f5 25. h4 Nb4 26. Rd1 d4 27. h5 Nxd3
28. Qxd3 Qb4 29. hxg6 hxg6 30. Nf3 Nc5 31. Qb1 Kh8 32. Qa2 Qb3 33. Qxb3 Nxb3
34. Kf1 Rc8 35. Bf4 Rc2 36. Be5 Bxe5 37. Nxe5 Kg7 38. Nf3 Rc4 39. Ke2 Kf6 40.
Nd2 Nc1+ 41. Kf1 Rc2 42. Nf3 d3 43. Ne1 Rxb2 44. Nxd3 Nxd3 45. Rxd3 f4 46. g3
g5 47. Kg2 Kf5 48. Ra3 Kg4 49. Rc3 1/2-1/2

[Event "Deutsche Ländermeisterschaft 2012"]
[Site "Hannover GER"]
[Date "2012.10.03"]
[Round "7"]
[White "Schröder, Jan-Christian"]
[Black "Mertens, Pauline"]
[Result "1-0"]
[Termination "normal"]
[Board "3.2"]
[WhiteTitle "14"]
[BlackTitle "20w"]
[WhiteElo "2349"]
[BlackElo "2036"]
[WhiteTeam "Hessen 1"]
[BlackTeam "Sachsen-Anhalt"]
[PlyCount "83"]
[WhiteFideId "24662259"]
[BlackFideId "24671959"]
[EventCountry "GER"]
[EventRounds "7"]
[EventType "team-swiss"]
[EventDate "2012.09.28"]

1. e4 c5 2. Nf3 e6 3. d4 cxd4 4. Nxd4 a6 5. Nc3 Qc7 6. Bd3 Nf6 7. O-O d6 8. Qe2
g6 9. Kh1 Bg7 10. f4 O-O 11. Bd2 Nbd7 12. Nf3 e5 13. Bc4 b5 14. Bb3 Bb7 15.
fxe5 dxe5 16. Bg5 b4 17. Nd5 Nxd5 18. Bxd5 Bxd5 19. exd5 f6 20. Be3 Nb6 21.
Bxb6 Qxb6 22. Rfd1 Rfd8 23. c4 Rac8 24. Rac1 a5 25. Rc2 Rd7 26. Qd3 Bf8 27. Qe4
Bc5 28. Rcd2 Rcd8 29. h4 Kg7 30. g4 Bd6 31. Rg2 Rg8 32. Rf1 Rf7 33. h5 Kf8 34.
hxg6 hxg6 35. Nh4 g5 36. Nf5 Rh8+ 37. Rh2 Rxh2+ 38. Kxh2 Qc5 39. Nh6 Be7 40.
Nxf7 Kxf7 41. Kg2 Ke8 42. Rh1 1-0

[Event "Deutsche Ländermeisterschaft 2012"]
[Site "Hannover GER"]
[Date "2012.10.03"]
[Round "7"]
[White "Zimmermann, Christian"]
[Black "Hahn, Markus"]
[Result "0-1"]
[Termination "normal"]
[Board "3.3"]
[WhiteTitle "16"]
[BlackTitle "18"]
[WhiteElo "1930"]
[BlackElo "2195"]
[WhiteTeam "Sachsen-Anhalt"]
[BlackTeam "Hessen 1"]
[PlyCount "73"]
[WhiteFideId "24692069"]
[BlackFideId "24654647"]
[EventCountry "GER"]
[EventRounds "7"]
[EventType "team-swiss"]
[EventDate "2012.09.28"]

1. e4 c5 2. Nf3 e6 3. d4 cxd4 4. Nxd4 a6 5. Bd3 Nf6 6. O-O Qc7 7. Qe2 d6 8. c4
g6 9. f4 Bg7 10. Kh1 O-O 11. Nc3 Nbd7 12. Nf3 e5 13. fxe5 dxe5 14. Nd5 Nxd5 15.
cxd5 Nf6 16. Be3 Bg4 17. h3 Bxf3 18. Qxf3 Rfc8 19. Rac1 Qd7 20. Rc3 Ne8 21.
Rfc1 Bf8 22. Qg3 Bd6 23. Be2 Rxc3 24. bxc3 Qe7 25. c4 Rc8 26. Bg4 Rc7 27. Bb6
Bc5 28. Bxc7 Qxc7 29. Bd1 Bd4 30. Qd3 Qc5 31. Be2 Nd6 32. Qc2 Be3 33. Rb1 b5
34. Qc3 Bf4 35. Qf3 bxc4 36. g3 Bh6 37. Rb8+ 0-1

[Event "Deutsche Ländermeisterschaft 2012"]
[Site "Hannover GER"]
[Date "2012.10.03"]
[Round "7"]
[White "Galkin, Wladislaw"]
[Black "Kitze, Alexander"]
[Result "1-0"]
[Termination "normal"]
[Board "3.4"]
[WhiteTitle "16"]
[BlackTitle "12"]
[WhiteElo "2091"]
[BlackElo "1853"]
[WhiteTeam "Hessen 1"]
[BlackTeam "Sachsen-Anhalt"]
[PlyCount "159"]
[WhiteFideId "4603192"]
[BlackFideId "12914827"]
[EventCountry "GER"]
[EventRounds "7"]
[EventType "team-swiss"]
[EventDate "2012.09.28"]

1. c4 g6 2. g3 c5 3. Bg2 Bg7 4. Nc3 Nc6 5. Nf3 d6 6. O-O Bf5 7. d3 Qd7 8. Re1
Nf6 9. a3 O-O 10. Rb1 Rac8 11. b4 b6 12. Bd2 Rfd8 13. Ng5 h6 14. Nge4 Nxe4 15.
Nxe4 Nd4 16. bxc5 dxc5 17. a4 Be6 18. Bc3 f5 19. Bxd4 Qxd4 20. Nd2 Bf7 21. a5
Qd6 22. axb6 axb6 23. Qc2 e5 24. Nf1 Rb8 25. Rb3 Be8 26. Qb1 Ba4 27. Ra3 b5 28.
Qa2 Kh7 29. Ne3 Qd7 30. Rb1 e4 31. dxe4 fxe4 32. Bxe4 Qd4 33. cxb5 Bxb5 34. Qc2
Be8 35. Rxb8 Rxb8 36. Ra6 Bf6 37. Nd5 Bg7 38. Bxg6+ Kh8 39. Nf4 Rb2 40. Ra8
Rxc2 41. Rxe8+ Bf8 42. Rxf8+ Kg7 43. Ne6+ Kxg6 44. Nxd4 cxd4 45. Rd8 Rxe2 46.
Rxd4 Kg5 47. Kg2 Ra2 48. h3 Rb2 49. Rd5+ Kg6 50. g4 Ra2 51. h4 Rb2 52. Kg3 Rb3+
53. f3 Ra3 54. Rb5 Ra1 55. Rb4 Rc1 56. Kf4 Rc6 57. Ke4 Re6+ 58. Kd5 Re1 59. f4
Rg1 60. Ke5 Re1+ 61. Re4 Ra1 62. h5+ Kg7 63. Kf5 Ra5+ 64. Re5 Ra7 65. g5 hxg5
66. Kxg5 Rf7 67. f5 Ra7 68. Re2 Ra1 69. Re7+ Kf8 70. Rb7 Ra6 71. h6 Kg8 72. h7+
Kh8 73. f6 Ra5+ 74. Kg6 Rg5+ 75. Kf7 Kxh7 76. Rb2 Rh5 77. Rf2 Rh1 78. Kf8 Kg6
79. f7 Re1 80. Kg8 1-0

[Event "Deutsche Ländermeisterschaft 2012"]
[Site "Hannover GER"]
[Date "2012.10.03"]
[Round "7"]
[White "Pallas, Sebastian"]
[Black "Bluhm, Sonja Maria"]
[Result "0-1"]
[Termination "normal"]
[Board "3.5"]
[WhiteTitle "12"]
[BlackTitle "14w"]
[WhiteElo "1824"]
[BlackElo "1981"]
[WhiteTeam "Sachsen-Anhalt"]
[BlackTeam "Hessen 1"]
[PlyCount "96"]
[WhiteFideId "12905453"]
[BlackFideId "24654027"]
[EventCountry "GER"]
[EventRounds "7"]
[EventType "team-swiss"]
[EventDate "2012.09.28"]

1. e4 c5 2. Nf3 e6 3. d4 cxd4 4. Nxd4 Nf6 5. Bd3 Nc6 6. Nxc6 bxc6 7. O-O Be7 8.
e5 Nd5 9. a3 d6 10. c4 Nc7 11. exd6 Bxd6 12. Nc3 Bb7 13. Be3 O-O 14. Ne4 Be7
15. Nc5 Bxc5 16. Bxc5 Re8 17. Qc2 h6 18. Rad1 Qc8 19. f4 Na6 20. Be3 Qc7 21.
Qf2 Qe7 22. b4 Rac8 23. Rfe1 c5 24. b5 Nb8 25. Bd2 Qf6 26. Be3 Qe7 27. a4 Nd7
28. f5 e5 29. Qg3 Kh8 30. Qh3 Qf6 31. g4 Kg8 32. Qg3 Qe7 33. h4 e4 34. Be2 f6
35. g5 hxg5 36. hxg5 fxg5 37. Bxg5 Qf7 38. Bg4 Ne5 39. f6 Ra8 40. Rf1 Nf3+ 41.
Rxf3 exf3 42. Rd7 Rad8 43. Be6 Rxd7 44. Bxf7+ Kxf7 45. Qh3 Rd1+ 46. Kf2 Re2+
47. Kg3 Rg2+ 48. Kf4 Rd4+ 0-1

[Event "Deutsche Ländermeisterschaft 2012"]
[Site "Hannover GER"]
[Date "2012.10.03"]
[Round "7"]
[White "Liez, Franziska"]
[Black "Heinemann, Josefine"]
[Result "0-1"]
[Termination "normal"]
[Board "3.6"]
[WhiteTitle "16w"]
[BlackTitle "14w"]
[WhiteElo "1920"]
[BlackElo "1871"]
[WhiteTeam "Hessen 1"]
[BlackTeam "Sachsen-Anhalt"]
[PlyCount "74"]
[WhiteFideId "1271766"]
[BlackFideId "12900460"]
[EventCountry "GER"]
[EventRounds "7"]
[EventType "team-swiss"]
[EventDate "2012.09.28"]

1. e4 c5 2. Nf3 d6 3. d4 cxd4 4. Nxd4 Nf6 5. Nc3 a6 6. Bg5 e6 7. f4 Be7 8. Qf3
Qc7 9. O-O-O Nbd7 10. g4 h6 11. Bxf6 Bxf6 12. h4 Qb6 13. Nb3 Be7 14. g5 Nc5 15.
Nxc5 Qxc5 16. Bd3 Bd7 17. Rhg1 hxg5 18. hxg5 O-O-O 19. Kb1 Rh2 20. Rdf1 Rdh8
21. Rh1 Rxh1 22. Rxh1 Rxh1+ 23. Qxh1 Qe3 24. Qf1 Bd8 25. a3 Bb6 26. Ne2 Bc6 27.
Qh1 Bd8 28. Qg1 Qxg1+ 29. Nxg1 Bb6 30. Nf3 Be3 31. f5 exf5 32. Ne1 fxe4 33. Be2
Bxg5 34. c3 f5 35. Kc2 f4 36. Bg4+ Bd7 37. Be2 Bh3 0-1